Notas a la recopilación de Leyes de Indias.
Sparad:
| Huvudupphovsman: | |
|---|---|
| Övriga upphovsmän: | |
| Materialtyp: | Bok |
| Språk: | spanska |
| Publicerad: |
México, D.F., México:
Universidad Nacional Autónoma de México (UNAM),
1979.
|
| Serie: | Coordinación de Humanidades.
|
| Ämnen: | |
| Taggar: |
Lägg till en tagg
Inga taggar, Lägg till första taggen!
|
MARC
| LEADER | 00000nam a2200000 a 4500 | ||
|---|---|---|---|
| 001 | UCS9197 | ||
| 003 | CL-VaPUC | ||
| 005 | 20230801151704.0 | ||
| 008 | 971113e19790000MX |||||||||||||||||spa|d | ||
| 999 | |c 263191 |d 263189 | ||
| 040 | |c Pontificia Universidad Católica de Valparaíso | ||
| 082 | 0 | 4 | |a 340.098 PAL 1979 |2 21 |
| 100 | |a Palacios, Prudencio Antonio de |e autor |9 394240 | ||
| 245 | 1 | 0 | |a Notas a la recopilación de Leyes de Indias. |
| 260 | |a México, D.F., México: |b Universidad Nacional Autónoma de México (UNAM), |c 1979. | ||
| 300 | |a 607 páginas. | ||
| 490 | 0 | |a Coordinación de Humanidades. | |
| 500 | |a c.2 Donación Familia Prof. Alejandro Guzmán Brito. | ||
| 583 | |a last modification |c 19971113 00:00:00 |k Rodrigo Vera | ||
| 650 | 0 | |a Derecho Indiano |9 256266 | |
| 650 | 0 | |a Derecho eclesiástico |9 255055 | |
| 650 | 0 | |a Obligaciones |9 255578 | |
| 650 | 0 | |a Iglesia y Estado |9 254995 | |
| 650 | 7 | |a Derecho canónico |2 CL-VaPUC |9 394241 | |
| 650 | 0 | |a Ordenanzas de indias |2 CL-VaPUC |9 522438 | |
| 700 | |a Bernal de Budega, Beatriz |e estudio |e edición |e índices |9 866148 | ||
| 942 | |c BK |2 ddc |n 0 | ||
| 945 | |d 19971113 00:00:00 |a cmena | ||
| 952 | |0 0 |1 0 |4 0 |6 340_098000000000000_PAL_1979 |7 0 |8 DER_HDC |9 292333 |a BIBDER |b BIBDER |d 2019-11-19 |i 1900706 |o 340.098 PAL 1979 |p 1900706 |r 2023-01-25 |w 2019-11-19 |x Ubicación 4to Piso |y BK |z Estos recursos deben solicitarse con anticipación |k DER | ||